| 000 | 00394 a2200133 4500 | ||
|---|---|---|---|
| 001 | 91548 | ||
| 082 | _aPR 1506 | ||
| 090 |
_c43689 _d43688 |
||
| 100 | _aHussain Ahmad; Prof Tauqeer Ahmad and Khalid M. Saleemi, Advisors | ||
| 245 |
_aInclusion of Voice Paging and Completion of FM Radie Station _n56 "B" EC |
||
| 260 |
_aRawalpindi _bNUST _c2002 |
||
| 300 | _a56p | ||
| 500 | _aBE Project Repots | ||
| 942 |
_aCAE NUST _kPR 1506 |
||
| 999 |
_c326621 _d326621 |
||